Music Quiz

Random Music or Song Quiz

Missing Word: Florence and the Machine Quiz Stats

 Plays Quiz not verified by Sporcle

Also try: Rain Songs
Challenge
Share
Tweet
Embed
Score 0/24 Timer 02:00
0 Plays Today
Song Missing Word % Correct
Never Let Me _____Go
97.4%
____ Days Are OverDog
97.4%
Cosmic ____ Love
97.3%
No ____, No LightLight
95.7%
How Big, How Blue, How ____Beautiful
94.5%
____ It OutShake
94%
Kiss With A ____Fist
93.8%
Rabbit _____Heart
93.5%
Ship to ____Wreck
93.4%
I'm Not Calling You a _____Liar
92.6%
What Kind of ____Man
92.3%
What The ____ Gave MeWater
92.1%
Song Missing Word % Correct
____ Got The LoveYou've
91.6%
Girl With One ____Eye
90.1%
Drumming _____Song
90%
____ of PeaceQueen
86.8%
Between Two _____Lungs
86.3%
My Boy Builds _____Coffins
84.1%
All This and ____ TooHeaven
78%
_____ (Say My Name)Spectrum
77.3%
Various ____ & SaintsStorms
74.7%
_____ DrunkHurricane
74.6%
_____ HymnsBedroom
67.5%
Strangeness and ____Charm
62.8%

You're not logged in!

Compare scores with friends on all Sporcle quizzes.
Join for Free
OR
Log In

You Might Also Like...

Show Comments

Extras

Top Quizzes Today


Score Distribution

Your Account Isn't Verified!

In order to create a playlist on Sporcle, you need to verify the email address you used during registration. Go to your Sporcle Settings to finish the process.

Report this User

Report this user for behavior that violates our Community Guidelines.

Details: